000 00631nam a2200181Ia 4500
003 GCL
008 140319s9999 xx 000 0 ara d
040 _aGCL /
_cGCL
082 0 4 _aق
_b962.054
_bج ا
100 1 _aجمال الشرقاوى
245 1 0 _aاسرار حريق القاهرة فى الوثائق السرية البريطانية /
_cجمال الشرقاوى
300 _a238 ص
490 _a100 قصة
_v0
650 0 4 _aالوثائق الدبلوماسية
650 0 4 _aحريق القاهرة 26 يناير 1952
650 0 4 _aمصر - تاريخ - العصر الحديث (1805 - 1956 )
942 _2ddc
_cBK
999 _c45664
_d45664